000 00784nam a2200205 a 4500
003 0
005 20250306083555.0
008 090707s19uu xx 00 eng d
050 _aPGS SB 599
_b.N991 2009
100 _aNuyda, Jacinto Rashann S.
245 _aEffects of different concentrations of compost on plant growth /
_cJacinto Rashann S. Nuyda.
260 _aLas PiƱas City, Philippines :
_bSouthville International School and Colleges,
_c2009.
300 _a41 pages :
_billustrations ;
_c28 cm.
504 _aIncludes bibliographical references.
650 _aCompost
_vEffect on plant growth.
650 _a Plant growth
_vSoil amendments.
650 _aOrganic fertilizers
_vAgronomic aspects.
650 _aSoil fertility
_vOrganic matter.
942 _2lcc
_cPASS
999 _c98196
_d98196